000 nam a22 7a 4500
999 _c64676
_d64676
005 20220630095812.0
008 220630b xxu||||| |||| 00| 0 eng d
040 _aANE
041 _aEs
100 _aGiulio Giraldi
245 _aEl derecho indígena a la autodeterminación política y religiosa
260 _c1997
300 _a188 p.
856 _uhttp://documentacion.asambleanacional.gob.ec/alfresco/d/d/workspace/SpacesStore/15c533a4-56a6-4569-9bfa-5deca0bc0a74/El%20derecho%20ind%c3%adgena%20a%20la%20autodeterminaci%c3%b3n%20pol%c3%adtica%20y%20religiosa.pdf
942 _2ddc
_cBV
_zNr.